Social movements: The structure of collective mobilization (Record no. 308917)
[ view plain ]
| 000 -LEADER | |
|---|---|
| fixed length control field | 00488nam a22001817a 4500 |
| 005 - DATE & TIME | |
| control field | 20231212113336.0 |
| 008 - FIXED-LENGTH DATA ELEMENTS--GENERAL INFORMATION | |
| fixed length control field | 231116b |||||||| |||| 00| 0 eng d |
| 020 ## - ISBN | |
| International Standard Book Number | 9788131613252 |
| Price | Rs. 1295.00 |
| 040 ## - CATALOGING SOURCE | |
| Original cataloging agency | VIVEKANANDA LIBRARY |
| 082 ## - DDC NUMBER | |
| Classification number | 301.242 |
| Book Number | A64S |
| 100 ## - MAIN ENTRY--PERSONAL NAME | |
| Personal name | Almeida, Paul |
| 245 ## - TITLE STATEMENT | |
| Title | Social movements: The structure of collective mobilization |
| 260 ## - PUBLICATION, DISTRIBUTION, ETC. (IMPRINT) | |
| Place of publication, distribution, etc | Jaipur |
| Name of publisher, distributor, etc | Rawat Publications |
| Date of publication, distribution, etc | 2023 |
| 300 ## - PHYSICAL DESCRIPTION | |
| Pages | x, 224 |
| 650 ## - Subject | |
| Subject | Sociology |
| 650 ## - Subject | |
| Subject | Social Movements |
| 942 ## - ADDED ENTRY ELEMENTS (KOHA) | |
| Koha item type | Books |
| Withdrawn status | Lost status | Source of classification or shelving scheme | Damaged status | Not for loan | Location (home branch) | Sublocation or collection (holding branch) | Date acquired | Koha issues (times borrowed) | Koha full call number | Accession No. | Koha date last seen | Koha item type | Shelving location |
|---|---|---|---|---|---|---|---|---|---|---|---|---|---|
| Dewey Decimal Classification | VIVEKANANDA LIBRARY | VIVEKANANDA LIBRARY | 16/11/2023 | 1 | 301.242 A64S | 404681 | 18/12/2023 | Books | |||||
| Dewey Decimal Classification | VIVEKANANDA LIBRARY | VIVEKANANDA LIBRARY | 16/12/2025 | 1 | 301.242 A64S | 443705 | 30/03/2026 | Books | Vivekananda Library |
